| 000 | 02075cam a22004934i 4500 | ||
|---|---|---|---|
| 003 | PE-LiUPU | ||
| 005 | 20250731184519.0 | ||
| 008 | 150616s1984 sp rb 000 0 spa d | ||
| 020 | _a9788475060958 | ||
| 020 | _a8475060951 | ||
| 035 | _a(Sirsi) i9788475060958 | ||
| 040 |
_aPE-LiUPU _bspa _cPE-LiUPU _erda |
||
| 049 | _aPRUA | ||
| 082 | 0 | 4 |
_a937.06 _bG45 _221 |
| 100 | 1 |
_aGibbon, Edward, _eautor. |
|
| 245 | 1 | 0 |
_aHistoria de la decadencia y ruina del imperio romano : _bdesde la renuncia de diocleciano a la conversión de Cosntantino, (años 305 a 438) / _cEdward Gibbon. |
| 264 | 1 |
_aMadrid : _bEdiciones Turner, _c1984. |
|
| 300 |
_a397 páginas ; _c25 centímetros |
||
| 336 |
_atext _2rdacontent |
||
| 337 |
_aunmediated _2rdamedia |
||
| 338 |
_avolume _2rdacarrier |
||
| 504 | _aNota Bibliografica. | ||
| 505 | 0 | _aTurbulencias tras la renuncia de Diocleciano -- Progresos de la religión cristiana, y opiniones, costumbres, número y estado de los cristianos primitivos -- Régimen del gobierno romano para los cristianos desde el reinado de Nerón hasta el de Constantino -- Fundación de Constantinopla -- Indore de Constantino -- Constancio emperador único -- Motivos, progresos y efectos de la conversión de Constantino. | |
| 526 | _aP136 | ||
| 526 | _aP135 | ||
| 526 | _aP134 | ||
| 526 | _aP133 | ||
| 526 | _aP144 | ||
| 526 | _aP143 | ||
| 526 | _aP87 | ||
| 526 | _aP35 | ||
| 526 | _aP20 | ||
| 526 | _aP14 | ||
| 526 | _aP10 | ||
| 526 | _aP06 | ||
| 651 |
_aRoma _xHistoria _y0284-0476(Imperio). |
||
| 910 |
_ajck _bjvq _cjck |
||
| 942 |
_2ddc _cBOOK |
||
| 949 |
_a937.06 G45 _wDEWEY _c1 _i27390 _d2016-9-14 _e2016-9-14 _lCCODEBUL1 _mBUL _n3 _r0 _sY _tBOOK _u2015-4-23 _xTEOLOGIA _PP20 _0COMPRA _o.STAFF. Colección General |
||
| 994 |
_aC0 _bPEPRU |
||
| 596 | _a1 | ||
| 999 |
_a937.06 G45 _wDEWEY _c18320 _i27390 _d18320 _e2016-9-14 _f2021-11-11 _g5 _lCCODEBUL1 _mBUL _n3 _p10.00 _q1 _r0 _sY _tBOOK _u2015-4-23 _xTEOLOGIA _PP35 _0COMPRA _o.STAFF. Colección Teología |
||
| 980 |
_81 _gALBERTO SANCHEZ Responsable de Automatización |
||